Statistics for World Capitals Closest to Athens - 30 Second Sprint

Click here to take the quiz!

General Stats

  • This quiz has been taken 19 times
  • The average score is 10 of 20

Answer Stats

kmcapitalmiles% Correct
1055Rome655
89%
490Skopje304
83%
626Podgorica389
78%
527Sofia327
78%
502Tirana312
72%
818Ankara508
67%
809Belgrade502
61%
745Bucharest463
61%
565Pristina351
56%
1083Zagreb673
56%
915Nicosia568
50%
793Sarajevo493
44%
1056Vatican City656
44%
1126Budapest700
39%
1089Chisinau677
33%
1156San Marino718
33%
852Valletta529
17%
1153Beirut716
11%
1122Cairo697
11%
1124Tripoli698
11%

Score Distribution

Percentile by Number Answered

Percent of People with Each Score

Your Score History

You have not taken this quiz